Όσα δεν έγραψα...
Αποθηκεύτηκε σε:
| Κύριος συγγραφέας: | |
|---|---|
| Μορφή: | Βιβλίο |
| Γλώσσα: | Greek |
| Δημοσίευση: |
Αθήνα :
Καστανιώτης,
c2003.
|
| Σειρά: | (Δοκίμια)
|
| Θέματα: | |
| Ετικέτες: |
Προσθήκη ετικέτας
Δεν υπάρχουν, Καταχωρήστε ετικέτα πρώτοι!
|
MARC
| LEADER | 00000cam a2200000 i 4500 | ||
|---|---|---|---|
| 001 | 1/3538 | ||
| 008 | 100121s2003 gr | ||| |||| ||gre|| | ||
| 020 | |a 9600336433 | ||
| 035 | |l 10106410 | ||
| 040 | |a GR-MyUa |b gre |c GR-MyUa |e AACR2 | ||
| 041 | 0 | |a gre | |
| 082 | 7 | |a 923 |2 (23) | |
| 100 | 1 | |a Ζούλας, Στάμος. | |
| 245 | 1 | 0 | |a Όσα δεν έγραψα... / |c Στάμος Ζούλας ; σκίτσα Ηλίας Μακρής. |
| 260 | |a Αθήνα : |b Καστανιώτης, |c c2003. | ||
| 300 | |a 204 σ. ; |c 21 εκ. | ||
| 490 | 0 | |a (Δοκίμια) | |
| 500 | |a Το παράρτημα Σύρου έχει την 2η επανέκδ. | ||
| 500 | |a Το παράρτημα Σάμου έχει την 3η επανέκδ. | ||
| 650 | 0 | |a Journalists |z Greece |x Biography. | |
| 651 | 0 | |a Greece |x Politics and government |y 20th century. | |
| 852 | |a INST |b SAMOS |e 20100121 |h 070.43 ΖΟΥ |p 005300030847 |q 005300030847 |t BK |y 0 | ||
| 852 | |a INST |b SYROS |e 20150408 |h 923 ΖΟΥ |p 005500012122 |q 005500012122 |t BK |y 0 | ||
| 901 | |a BIBL5-2015-2 | ||
| 901 | |a BIBL3-2010-1 | ||
| 909 | |a Ε |b 187397 | ||
| 909 | |a Σ |b 158553 | ||
| 970 | |a Ρούσσου |b Κωνσταντίνα |z 2010/01/21 | ||